University Home | Library Home | Institutional Repository

Lets learn about Hindu Dharma. (Record no. 28419)

MARC details
000 -LEADER
fixed length control field 00748cam7a220018100 4500
001 - CONTROL NUMBER
control field zam00009811
008 - FIXED-LENGTH DATA ELEMENTS--GENERAL INFORMATION
fixed length control field 970717n xx eng u
035 ## - SYSTEM CONTROL NUMBER
System control number (Sirsi) r139811
040 ## - CATALOGING SOURCE
Modifying agency UPRA
100 ## - MAIN ENTRY--PERSONAL NAME
Personal name Dubey, Prakash.
Linkage A105030.1
245 10 - TITLE STATEMENT
Title Lets learn about Hindu Dharma.
260 ## - PUBLICATION, DISTRIBUTION, ETC.
Place of publication, distribution, etc. Kitwe :
Name of publisher, distributor, etc. Vishava Hindu parishad,
Date of publication, distribution, etc. 1991.
520 ## - SUMMARY, ETC.
Summary, etc. Presents a brief analysis of Hindu thought together with a series of selections from hindu spiritual classics. It also presents reintegration of Hindu modern in light of modern knowledge to suit present needs.
650 #4 - SUBJECT ADDED ENTRY--TOPICAL TERM
Topical term or geographic name entry element Religion.
Linkage S23505.1
650 #4 - SUBJECT ADDED ENTRY--TOPICAL TERM
Topical term or geographic name entry element Hidnuism -- Religious Institution.
General subdivision Hidnuism -- Religious Institution.
Linkage S76068.1
949 10 - LOCAL PROCESSING INFORMATION (OCLC)
m INESOR
t BOOK
l ON-SHELF

No items available.

© 2026 - The University of Zambia Library - Koha v25.11